All Songs in Heathers the Musical - Statistics

General Stats
  • This quiz has been taken 1,179 times
    1,111 since last reset
  • The average score is 17 of 22
Answer Stats
Sang By Answer % Correct
Heathers Candy Store
98%
Veronica and Students Beautiful
97%
Veronica Dead Girl Walking
96%
JD Freeze Your Brain
94%
Kurt, Ram and Students Big Fun
90%
Veronica and JD Seventeen
89%
Veronica Fight For Me
84%
Heather McNamara Lifeboat
84%
Miss Flemming and Students Shine a Light
83%
Veronica and JD Our Love Is God
82%
Veronica Dead Girl Walking (Reprise)
80%
JD Meant to be Yours
77%
Martha Kindergarten Boyfriend
76%
Kurt and Ram's Dads My Dead Gay Son
75%
Ensemble Seventeen (Reprise)
73%
Heather Chandler, Veronica and Students The Me Inside of Me
73%
Heather Duke and Students Shine a Light (Reprise)
70%
Dead Students Yo, Girl
67%
Kurt and Ram You're Welcome
58%
Veronica and JD I Am Damaged
54%
Heather Duke, Kurt and Ram Never Shut Up Again
51%
Veronica I Say No
45%
No matching quizzes found
Score Distribution
Percent of People with Each Score
Percentile by Number Answered
Your Score History
You have not taken this quiz since the last reset